[Event "Rilton Cup 47th"]
[Site "Stockholm"]
[Date "2018.01.05"]
[Round "9"]
[White "Soham, Das"]
[Black "Ramondino, Renzo"]
[Result "1-0"]
[WhiteElo "2263"]
[BlackElo "2192"]
[PlyCount "93"]
[EventDate "2017.12.27"]
[EventType "swiss"]
[EventRounds "9"]
[EventCountry "SWE"]
[SourceTitle "CBM 182 Extra"]
[Source "ChessBase"]
[SourceDate "2018.02.23"]
[SourceVersion "1"]
[SourceVersionDate "2018.02.23"]
[SourceQuality "1"]

1. e4 c5 2. Nf3 Nc6 3. Bb5 d6 4. Bxc6+ bxc6 5. 0-0 e5 6. c3 f5 7. exf5 Be7 8. d4 e4 9. Nfd2 Nf6 10. f3 d5 11. fxe4 dxe4 12. Nb3 Ba6 13. Re1 Qd5 14. Be3 Rd8 15. N1d2 0-0 16. dxc5 Bc8 17. Nd4 Bxc5 18. Qb3 Kh8 19. Qxd5 Rxd5 20. N2b3 Bxd4 21. Bxd4 Bxf5 22. Bxa7 Ra8 23. Bd4 Rb5 24. Bxf6 gxf6 25. Nd4 Rba5 26. a3 Bg6 27. Nxc6 Rb5 28. Nb4 f5 29. g3 Bf7 30. Kf2 Bb3 31. Ke3 h5 32. Re2 Rd8 33. Rd2 Rxd2 34. Kxd2 Kg7 35. Nc2 Ba4 36. b4 Rd5+ 37. Nd4 Kf6 38. Ke3 Kg5 39. Rf1 Bd7 40. c4 Rd6 41. b5 Rh6 42. c5 h4 43. c6 Bc8 44. b6 hxg3 45. hxg3 Rh3 46. b7 Rxg3+ 47. Kf2 1-0

[Event "Rilton Cup 47th"]
[Site "Stockholm"]
[Date "2018.01.04"]
[Round "8"]
[White "Harshini, A."]
[Black "Soham, Das"]
[Result "1/2-1/2"]
[WhiteElo "2189"]
[BlackElo "2263"]
[PlyCount "61"]
[EventDate "2017.12.27"]
[EventType "swiss"]
[EventRounds "9"]
[EventCountry "SWE"]
[SourceTitle "CBM 182 Extra"]
[Source "ChessBase"]
[SourceDate "2018.02.23"]
[SourceVersion "1"]
[SourceVersionDate "2018.02.23"]
[SourceQuality "1"]

1. e4 c5 2. Nf3 d6 3. d4 cxd4 4. Nxd4 Nf6 5. Nc3 a6 6. Be2 e5 7. Nb3 Be7 8. 0-0 0-0 9. Be3 Be6 10. Qd3 Nc6 11. a3 Na5 12. Nd2 Rc8 13. Nd5 Nxd5 14. exd5 Bd7 15. c4 b5 16. Rfc1 f5 17. b4 Nxc4 18. Nxc4 bxc4 19. Rxc4 Bb5 20. Rxc8 Qxc8 21. Qd1 f4 22. Bd2 Bxe2 23. Qxe2 f3 24. gxf3 Qf5 25. Qe4 Qh5 26. Qg4 Qf7 27. Qe4 Qh5 28. Qg4 Qf7 29. Qe4 Qh5 30. Qg4 Qf7 31. Qe4 1/2-1/2

[Event "Rilton Cup 47th"]
[Site "Stockholm"]
[Date "2018.01.03"]
[Round "7"]
[White "Soham, Das"]
[Black "Crevatin, Leo"]
[Result "1-0"]
[WhiteElo "2263"]
[BlackElo "2114"]
[PlyCount "53"]
[EventDate "2017.12.27"]
[EventType "swiss"]
[EventRounds "9"]
[EventCountry "SWE"]
[SourceTitle "CBM 182 Extra"]
[Source "ChessBase"]
[SourceDate "2018.02.23"]
[SourceVersion "1"]
[SourceVersionDate "2018.02.23"]
[SourceQuality "1"]

1. e4 c5 2. Nf3 Nc6 3. Bb5 d6 4. Bxc6+ bxc6 5. 0-0 e5 6. c3 f5 7. exf5 Be7 8. d4 e4 9. Nfd2 Bxf5 10. f3 cxd4 11. cxd4 Nf6 12. fxe4 Bg6 13. Nc3 0-0 14. Qe2 Qb6 15. Nf3 Rab8 16. b3 Rbe8 17. Ba3 Qa5 18. Bb2 Qb4 19. Rae1 Bd8 20. e5 dxe5 21. dxe5 Bb6+ 22. Kh1 Ng4 23. Na4 Rd8 24. Bc3 Qe7 25. Qc4+ Bf7 26. Qxg4 Be6 27. Qg5 1-0

[Event "Rilton Cup 47th"]
[Site "Stockholm"]
[Date "2017.12.28"]
[Round "2"]
[White "Sasikiran, Krishnan"]
[Black "Soham, Das"]
[Result "1-0"]
[WhiteElo "2680"]
[BlackElo "2263"]
[PlyCount "63"]
[EventDate "2017.12.27"]
[EventType "swiss"]
[EventRounds "9"]
[EventCountry "SWE"]
[SourceTitle "CBM 182 Extra"]
[Source "ChessBase"]
[SourceDate "2018.02.23"]
[SourceVersion "1"]
[SourceVersionDate "2018.02.23"]
[SourceQuality "1"]

1. e4 c5 2. Nc3 Nc6 3. Nf3 e6 4. d4 cxd4 5. Nxd4 Qc7 6. Be3 a6 7. a3 b5 8. Nxc6 Qxc6 9. Be2 Bb7 10. Qd2 Qc7 11. Bf4 Qc6 12. Bf3 Rc8 13. 0-0 Bc5 14. e5 Qc7 15. Ne4 Bxe4 16. Bxe4 Ne7 17. Rad1 Ng6 18. Bg3 Rd8 19. Kh1 0-0 20. Rfe1 Qa7 21. h4 d5 22. exd6 f5 23. b4 Bb6 24. Bf3 f4 25. Bh2 Nxh4 26. Rxe6 Nxf3 27. gxf3 Rf7 28. Qd5 Kh8 29. d7 h6 30. Rxh6+ Kg8 31. Re6 Kf8 32. Qd6+ 1-0

[Event "Rilton Cup 47th"]
[Site "Stockholm"]
[Date "2017.12.27"]
[Round "1"]
[White "Valsecchi, Alessio"]
[Black "Soham, Das"]
[Result "1-0"]
[WhiteElo "2501"]
[BlackElo "2263"]
[PlyCount "59"]
[EventDate "2017.12.27"]
[EventType "swiss"]
[EventRounds "9"]
[EventCountry "SWE"]
[SourceTitle "CBM 182 Extra"]
[Source "ChessBase"]
[SourceDate "2018.02.23"]
[SourceVersion "1"]
[SourceVersionDate "2018.02.23"]
[SourceQuality "1"]

1. e4 c5 2. Nf3 d6 3. Bb5+ Bd7 4. c4 Nf6 5. Nc3 g6 6. 0-0 Bg7 7. Bxd7+ Nbxd7 8. d4 cxd4 9. Nxd4 0-0 10. b3 Qa5 11. Bb2 e6 12. Re1 a6 13. Qd2 Rfd8 14. Rad1 Rac8 15. h3 Nc5 16. Ba1 Qc7 17. Qe2 d5 18. cxd5 exd5 19. exd5 Nxd5 20. Nxd5 Rxd5 21. b4 Qd7 22. bxc5 Bxd4 23. Rxd4 Rxd4 24. Qe5 Rd8 25. Qf6 Qd5 26. Bxd4 Qxd4 27. Re8+ Rxe8 28. Qxd4 Re1+ 29. Kh2 Re2 30. Qd5 1-0

[Event "Sitges Sunway op 4th"]
[Site "Sitges"]
[Date "2017.12.19"]
[Round "5"]
[White "Soham, Das"]
[Black "Munguntuul, Batkhuyag"]
[Result "1/2-1/2"]
[WhiteElo "2263"]
[BlackElo "2397"]
[PlyCount "73"]
[EventDate "2017.12.15"]
[EventType "swiss"]
[EventRounds "9"]
[EventCountry "ESP"]
[SourceTitle "CBM 182 Extra"]
[Source "ChessBase"]
[SourceDate "2018.02.23"]
[SourceVersion "1"]
[SourceVersionDate "2018.02.23"]
[SourceQuality "1"]

1. e4 c5 2. Nf3 e6 3. d4 cxd4 4. Nxd4 Nc6 5. Nc3 Qc7 6. Be3 a6 7. Qd2 Nf6 8. 0-0-0 Bb4 9. f3 0-0 10. g4 b5 11. g5 Nh5 12. a3 Be7 13. Nce2 Na5 14. Kb1 Nc4 15. Qd3 Bb7 16. Bh3 Nxe3 17. Qxe3 Bd6 18. Bg4 Nf4 19. h4 Rac8 20. c3 Be5 21. h5 Rce8 22. Rdg1 Kh8 23. Qf2 d5 24. g6 h6 25. Nxf4 Bxf4 26. gxf7 Qxf7 27. Qe2 Qf6 28. Re1 e5 29. Nf5 Bg5 30. Rd1 Rd8 31. Rhe1 Rfe8 32. Rd3 dxe4 33. fxe4 Rxd3 34. Qxd3 Rd8 35. Qf3 Rd2 36. Ka1 Qf7 37. Rd1 1/2-1/2

[Event "Sitges Sunway op 4th"]
[Site "Sitges"]
[Date "2017.12.15"]
[Round "1"]
[White "Soham, Das"]
[Black "Shankland, Samuel L"]
[Result "0-1"]
[WhiteElo "2263"]
[BlackElo "2662"]
[PlyCount "118"]
[EventDate "2017.12.15"]
[EventType "swiss"]
[EventRounds "9"]
[EventCountry "ESP"]
[SourceTitle "CBM 182 Extra"]
[Source "ChessBase"]
[SourceDate "2018.02.23"]
[SourceVersion "1"]
[SourceVersionDate "2018.02.23"]
[SourceQuality "1"]

1. e4 e5 2. Nf3 Nc6 3. Bc4 Bc5 4. c3 Nf6 5. d3 0-0 6. 0-0 d6 7. Bb3 Ne7 8. Re1 Ng6 9. d4 Bb6 10. h3 c6 11. Nbd2 exd4 12. cxd4 d5 13. e5 Nh5 14. Nf1 Nhf4 15. Bxf4 Nxf4 16. Qd2 Ne6 17. Bc2 f5 18. b4 Bd7 19. Ng3 g6 20. Ne2 g5 21. h4 h6 22. hxg5 hxg5 23. Ng3 g4 24. Qh6 Qe7 25. Nh4 Nxd4 26. Nh5 g3 27. Qg6+ Kh8 28. Qh6+ Qh7 29. Ng6+ Kg8 30. Qxh7+ Kxh7 31. Nxf8+ Rxf8 32. Nf6+ Rxf6 33. exf6 gxf2+ 34. Kxf2 Nxc2+ 35. Kf3 Kg6 36. Re7 Kxf6 37. Rxd7 Nxa1 38. a4 Nc2 39. a5 Bg1 40. Rxb7 Ke5 41. Ke2 Na3 42. Kd3 Nb5 43. Re7+ Kd6 44. Rf7 Ke6 45. Rg7 Bd4 46. Rg6+ Bf6 47. Rh6 Nc7 48. Kc2 d4 49. Rh7 Be5 50. Kd3 Kd5 51. Rd7+ Bd6 52. Rf7 Na6 53. Rxf5+ Be5 54. Rf7 Nxb4+ 55. Kd2 c5 56. g4 c4 57. g5 c3+ 58. Kd1 c2+ 59. Kd2 Bf4+ 0-1

[Event "London Classic op"]
[Site "London"]
[Date "2017.12.08"]
[Round "8"]
[White "Krishna, C Revanth Gopala"]
[Black "Soham, Das"]
[Result "1/2-1/2"]
[WhiteElo "2421"]
[BlackElo "2263"]
[PlyCount "42"]
[EventDate "2017.12.02"]
[EventType "swiss"]
[EventRounds "9"]
[EventCountry "ENG"]
[SourceTitle "CBM 182 Extra"]
[Source "ChessBase"]
[SourceDate "2018.02.23"]
[SourceVersion "1"]
[SourceVersionDate "2018.02.23"]
[SourceQuality "1"]

1. Nf3 f5 2. b3 d6 3. d4 g6 4. Bb2 Bg7 5. g3 Nf6 6. Bg2 0-0 7. 0-0 c6 8. Nbd2 a5 9. c4 Na6 10. a3 e5 11. dxe5 Nd7 12. b4 Nxe5 13. Nd4 Bd7 14. Bc3 Qe7 15. Qb3 Kh8 16. Rae1 f4 17. Bb2 g5 18. Rd1 Rae8 19. Nc2 Be6 20. Nd4 Bd7 21. Nc2 Be6 1/2-1/2

[Event "London Classic op"]
[Site "London"]
[Date "2017.12.06"]
[Round "6"]
[White "Bartholomew, John"]
[Black "Soham, Das"]
[Result "1-0"]
[WhiteElo "2448"]
[BlackElo "2263"]
[PlyCount "71"]
[EventDate "2017.12.02"]
[EventType "swiss"]
[EventRounds "9"]
[EventCountry "ENG"]
[SourceTitle "CBM 182 Extra"]
[Source "ChessBase"]
[SourceDate "2018.02.23"]
[SourceVersion "1"]
[SourceVersionDate "2018.02.23"]
[SourceQuality "1"]

1. d4 f5 2. h3 Nf6 3. g4 d5 4. Nf3 e6 5. Bf4 Bd6 6. Ne5 Ne4 7. Nd2 0-0 8. e3 c5 9. gxf5 exf5 10. Rg1 Nc6 11. Nxe4 fxe4 12. Qh5 cxd4 13. 0-0-0 Bf5 14. exd4 Bg6 15. Nxg6 Bxf4+ 16. Nxf4 Rxf4 17. Qh6 Rf7 18. Be2 Qf6 19. Qh5 Nxd4 20. Bg4 Qxf2 21. Kb1 Kh8 22. Qxd5 Nc6 23. Qxe4 Raf8 24. a3 Rf4 25. Qd5 Nd4 26. Rg2 Qe3 27. Qxb7 Qe5 28. Rgd2 h5 29. Bc8 R4f7 30. Qa6 Nf3 31. Rd5 Qe4 32. Rxh5+ Kg8 33. Be6 Nd4 34. Bxf7+ Rxf7 35. Qc8+ Rf8 36. Qc4+ 1-0

[Event "London Classic op"]
[Site "London"]
[Date "2017.12.03"]
[Round "3"]
[White "Soham, Das"]
[Black "Yoon, Jacob D"]
[Result "1-0"]
[WhiteElo "2263"]
[BlackElo "2045"]
[PlyCount "91"]
[EventDate "2017.12.02"]
[EventType "swiss"]
[EventRounds "9"]
[EventCountry "ENG"]
[SourceTitle "CBM 182 Extra"]
[Source "ChessBase"]
[SourceDate "2018.02.23"]
[SourceVersion "1"]
[SourceVersionDate "2018.02.23"]
[SourceQuality "1"]

1. e4 c5 2. Nf3 e6 3. d4 cxd4 4. Nxd4 a6 5. Bd3 Nc6 6. Nxc6 dxc6 7. 0-0 e5 8. Nd2 Qc7 9. a4 Be6 10. Nc4 Nf6 11. Qe2 a5 12. Kh1 Bc5 13. f4 Bxc4 14. Bxc4 0-0-0 15. f5 Rd4 16. Bd3 Nd7 17. c3 Rd6 18. Rb1 Nb6 19. b4 axb4 20. cxb4 Bd4 21. Qc2 Kd8 22. Ba3 Ke7 23. b5 c5 24. a5 Nd7 25. b6 Qc8 26. Rfd1 Nf6 27. Be2 Qc6 28. Rxd4 cxd4 29. Qxc6 bxc6 30. b7 Nxe4 31. Bf3 c5 32. Bxe4 d3 33. Bxc5 d2 34. Rd1 Kd7 35. Bxd6 Kxd6 36. Rxd2+ Kc7 37. a6 Kb6 38. a7 Kxa7 39. Ra2+ Kb6 40. Ra8 Rc8 41. Rxc8 g6 42. b8R+ Ka7 43. Rb7+ Ka6 44. Rc4 gxf5 45. Bc6 e4 46. Ra4# 1-0

[Event "Andorra op 35th"]
[Site "Escaldes"]
[Date "2017.07.30"]
[Round "9"]
[White "Zoler, Dan"]
[Black "Soham, Das"]
[Result "1-0"]
[WhiteElo "2499"]
[BlackElo "2020"]
[PlyCount "143"]
[EventDate "2017.07.22"]
[EventType "swiss"]
[EventRounds "9"]
[EventCountry "AND"]
[SourceTitle "CBM 179 Extra"]
[Source "ChessBase"]
[SourceDate "2017.08.23"]
[SourceVersion "1"]
[SourceVersionDate "2017.08.23"]
[SourceQuality "1"]

1. d4 f5 2. c4 Nf6 3. g3 g6 4. Bg2 Bg7 5. Nf3 0-0 6. 0-0 d6 7. Nc3 Qe8 8. b3 Na6 9. Ba3 c6 10. Re1 b5 11. Bb2 Rb8 12. cxb5 cxb5 13. Rc1 b4 14. Nb1 Qb5 15. Nbd2 Bb7 16. e3 Bd5 17. Nc4 Qb7 18. Qe2 Rfc8 19. Rc2 Be4 20. Nh4 Qb5 21. Bxe4 fxe4 22. Ng2 Nc7 23. Rec1 Ncd5 24. Kf1 a5 25. Nd2 Rxc2 26. Rxc2 Qd7 27. Kg1 a4 28. bxa4 Qxa4 29. Qc4 Qb5 30. Qxb5 Rxb5 31. Nb3 Rb7 32. Bc1 Nc3 33. Bd2 Nfd5 34. Nf4 Ra7 35. Nxd5 Nxd5 36. Kf1 e5 37. Ke2 Kf7 38. f3 exd4 39. exd4 exf3+ 40. Kxf3 Ke6 41. Ke4 Nf6+ 42. Kd3 Nd5 43. Be1 Kd7 44. Rf2 Kc6 45. Kc4 Ne3+ 46. Kxb4 Rb7+ 47. Ka4 Ra7+ 48. Ba5 Nd1 49. d5+ Kb7 50. Rf7+ Kb8 51. Rxa7 Kxa7 52. Kb5 Kb7 53. Bd2 Nf2 54. Na5+ Kc7 55. Nc4 Ne4 56. Ba5+ Kb7 57. Bb4 Kc7 58. a4 Bd4 59. a5 h5 60. Na3 Be3 61. a6 Nf6 62. Ba5+ Kb8 63. Kc6 Ka7 64. Bd8 Ne8 65. Nc4 Bd4 66. Nxd6 Nxd6 67. Kxd6 Bg1 68. h4 Bh2 69. Kc6 Bxg3 70. d6 Kxa6 71. d7 Be1 72. Bg5 1-0

[Event "Andorra op 35th"]
[Site "Escaldes"]
[Date "2017.07.28"]
[Round "7"]
[White "Aloma Vidal, Roberto"]
[Black "Soham, Das"]
[Result "1/2-1/2"]
[WhiteElo "2457"]
[BlackElo "2020"]
[PlyCount "110"]
[EventDate "2017.07.22"]
[EventType "swiss"]
[EventRounds "9"]
[EventCountry "AND"]
[SourceTitle "CBM 179 Extra"]
[Source "ChessBase"]
[SourceDate "2017.08.23"]
[SourceVersion "1"]
[SourceVersionDate "2017.08.23"]
[SourceQuality "1"]

1. d4 f5 2. g3 Nf6 3. Bg2 g6 4. Nh3 Bg7 5. Nf4 Nc6 6. d5 Ne5 7. Nc3 c6 8. 0-0 0-0 9. e4 fxe4 10. Nxe4 Nxd5 11. Nxd5 cxd5 12. Qxd5+ e6 13. Qd1 d5 14. Nc5 Qb6 15. Nd3 Nxd3 16. Qxd3 Bd7 17. a4 Bd4 18. Be3 Bxe3 19. fxe3 Bc6 20. b3 Qc5 21. c3 a5 22. Qd4 Qe7 23. Qe5 Rf5 24. Rxf5 gxf5 25. Rf1 Re8 26. Rf4 Qg7 27. Qxg7+ Kxg7 28. g4 fxg4 29. Rxg4+ Kf6 30. Rf4+ Kg6 31. Bf1 e5 32. Bd3+ e4 33. Be2 Bd7 34. c4 Be6 35. Kf2 Kg5 36. Kg3 dxc4 37. Bxc4 Bxc4 38. bxc4 Kg6 39. Rg4+ Kf6 40. Rf4+ Kg6 41. Kg4 Re5 42. Rf8 Rc5 43. Ra8 b6 44. Ra6 Rxc4 45. Rxb6+ Kg7 46. Kg5 Rxa4 47. Rb7+ Kg8 48. Kf6 h6 49. Rg7+ Kh8 50. Ra7 Kg8 51. h4 Ra3 52. Kg6 Kf8 53. Kf6 Kg8 54. Kg6 Kf8 55. Kf6 Kg8 1/2-1/2

[Event "Bampada Balasore op 2nd"]
[Site "Bampada"]
[Date "2017.05.08"]
[Round "6"]
[White "Mahitosh, Dey"]
[Black "Soham, Das"]
[Result "0-1"]
[WhiteElo "1762"]
[BlackElo "1977"]
[PlyCount "74"]
[EventDate "2017.05.05"]
[EventType "swiss"]
[EventRounds "9"]
[EventCountry "IND"]
[SourceTitle "CBM 178 Extra"]
[Source "ChessBase"]
[SourceDate "2017.06.22"]
[SourceVersion "1"]
[SourceVersionDate "2017.06.22"]
[SourceQuality "1"]

1. f4 e5 2. fxe5 d6 3. Nf3 dxe5 4. e4 Bc5 5. Nc3 Nc6 6. Bb5 Bg4 7. Na4 Bd6 8. 0-0 Nge7 9. d3 0-0 10. Be3 Nd4 11. Nc3 Bxf3 12. gxf3 Ng6 13. Bc4 c6 14. Ne2 b5 15. Bb3 Bc5 16. Bxd4 Bxd4+ 17. Kh1 Bxb2 18. Rb1 Bd4 19. f4 exf4 20. Nxf4 Ne5 21. Qe1 Kh8 22. c3 Bb6 23. d4 Nc4 24. Bxc4 bxc4 25. Qe2 Qh4 26. Qxc4 g5 27. Ng2 Qxe4 28. Rbe1 Qg6 29. Re5 Bc7 30. Ref5 Qd6 31. Kg1 Qxh2+ 32. Kf2 Bg3+ 33. Kf3 g4+ 34. Kxg4 Qxg2 35. d5 Rg8+ 36. Rg5 Be5+ 37. Kf5 Rxg5# 0-1

[Event "Bampada Balasore op 2nd"]
[Site "Bampada"]
[Date "2017.05.08"]
[Round "7"]
[White "Soham, Das"]
[Black "Nayak, Rajesh"]
[Result "1/2-1/2"]
[WhiteElo "1977"]
[BlackElo "2067"]
[PlyCount "104"]
[EventDate "2017.05.05"]
[EventType "swiss"]
[EventRounds "9"]
[EventCountry "IND"]
[SourceTitle "CBM 178 Extra"]
[Source "ChessBase"]
[SourceDate "2017.06.22"]
[SourceVersion "1"]
[SourceVersionDate "2017.06.22"]
[SourceQuality "1"]

1. e4 c5 2. Nf3 d6 3. d4 cxd4 4. Nxd4 Nf6 5. Nc3 a6 6. Bg5 e6 7. f4 h6 8. Bh4 Qb6 9. a3 Nbd7 10. Bf2 Qc7 11. Qf3 Be7 12. 0-0-0 b5 13. Bd3 Bb7 14. Rhe1 Rc8 15. Kb1 Nc5 16. g4 g5 17. fxg5 hxg5 18. Bg3 Qb6 19. Bf1 Ncd7 20. h3 Ne5 21. Qe3 Nfd7 22. Nf3 Qxe3 23. Rxe3 Nxf3 24. Rxf3 Ne5 25. Re3 Rd8 26. b3 Bf6 27. Ne2 Ke7 28. Nc1 Rc8 29. Nd3 Ng6 30. e5 dxe5 31. Nxe5 Nxe5 32. Bxe5 Bxe5 33. Rxe5 Rhd8 34. Rxd8 Rxd8 35. Kc1 f6 36. Re3 Rd4 37. c4 bxc4 38. Bxc4 e5 39. Kc2 Rf4 40. Kc3 a5 41. Rd3 e4 42. Re3 Kd6 43. Kd4 Rf2 44. Be2 Rg2 45. b4 axb4 46. axb4 Rg1 47. Ra3 Rb1 48. b5 Rb4+ 49. Kc3 Rb1 50. Ra7 Bd5 51. Kd4 Rb4+ 52. Kc3 Rb3+ 1/2-1/2

[Event "Mumbai Wealth op"]
[Site "Mumbai"]
[Date "2016.01.31"]
[Round "4"]
[White "Soham, Das"]
[Black "Praggnanandhaa, Rameshbabu"]
[Result "0-1"]
[WhiteElo "1815"]
[BlackElo "2174"]
[PlyCount "64"]
[EventDate "2016.01.28"]
[EventType "swiss"]
[EventRounds "9"]
[EventCountry "IND"]
[SourceTitle "CBM 170 Extra"]
[Source "ChessBase"]
[SourceDate "2016.02.25"]
[SourceVersion "1"]
[SourceVersionDate "2016.02.25"]
[SourceQuality "1"]

1. e4 e5 2. Nf3 Nc6 3. Bb5 a6 4. Bxc6 dxc6 5. Nc3 f6 6. d4 exd4 7. Nxd4 c5 8. Nde2 Qxd1+ 9. Nxd1 Be6 10. h4 h5 11. Ne3 0-0-0 12. Nf4 Bf7 13. Nfd5 b5 14. f3 c6 15. Nf4 c4 16. Bd2 Bd6 17. Ne2 Ne7 18. 0-0-0 Bc5 19. Ng3 c3 20. bxc3 Bxa2 21. Kb2 Rxd2 22. Rxd2 Bxe3 23. Rd3 Bf2 24. Kxa2 Bxg3 25. Rhd1 Bc7 26. Kb3 Ng6 27. g3 Ne5 28. Re3 Bb6 29. Re2 Nxf3 30. Rf1 Ne5 31. Ra1 a5 32. Rd2 a4+ 0-1

[Event "Goodricke op 10th"]
[Site "Kolkata"]
[Date "1999.02.13"]
[Round "8"]
[White "Soham, Das"]
[Black "Chandra Sekhar, TK."]
[Result "0-1"]
[WhiteElo "2055"]
[BlackElo "2200"]
[PlyCount "98"]
[EventDate "1999.02.06"]
[EventType "swiss"]
[EventRounds "11"]
[EventCountry "IND"]
[SourceTitle "CBM 069 Extra"]
[Source "ChessBase"]
[SourceDate "1999.05.10"]
[SourceVersion "1"]
[SourceVersionDate "1999.05.10"]
[SourceQuality "1"]

1. e4 c6 2. d4 d5 3. Nc3 dxe4 4. Nxe4 Nd7 5. Nf3 Ngf6 6. Neg5 e6 7. Bd3 Bd6 8. Qe2 h6 9. Ne4 Nxe4 10. Qxe4 Nf6 11. Qh4 Ke7 12. Bf4 Bb4+ 13. c3 g5 14. Nxg5 hxg5 15. Qxg5 Rg8 16. Qh6 Bd6 17. Bg5 Rxg5 18. Qxg5 Bd7 19. g3 Qb6 20. 0-0-0 Rg8 21. Qd2 c5 22. dxc5 Bxc5 23. Rhf1 a5 24. Rde1 Ng4 25. Qf4 Rg7 26. Re2 Bd6 27. Qd4 Qxd4 28. cxd4 Nxh2 29. Rh1 Nf3 30. d5 e5 31. Rh5 Bg4 32. Rh8 Nd4 33. Re3 Kd7 34. Ra8 Bc7 35. Ra7 Bf3 36. Rxb7 Bxd5 37. Ra7 f6 38. Ra6 f5 39. Rf6 e4 40. Bf1 Rf7 41. Rxf7+ Bxf7 42. Kb1 Bb6 43. Rc3 Nf3 44. Bb5+ Ke7 45. Be2 Ng1 46. Rc2 Bxf2 47. Bg4 fxg4 48. Rxf2 e3 49. Rf4 Bg6+ 0-1

[Event "Goodricke op 10th"]
[Site "Kolkata"]
[Date "1999.02.11"]
[Round "6"]
[White "Punya Man, Karmacharya"]
[Black "Soham, Das"]
[Result "1/2-1/2"]
[WhiteElo "2100"]
[BlackElo "2055"]
[PlyCount "53"]
[EventDate "1999.02.06"]
[EventType "swiss"]
[EventRounds "11"]
[EventCountry "IND"]
[SourceTitle "CBM 069 Extra"]
[Source "ChessBase"]
[SourceDate "1999.05.10"]
[SourceVersion "1"]
[SourceVersionDate "1999.05.10"]
[SourceQuality "1"]

1. e4 c5 2. Nf3 Nc6 3. d4 cxd4 4. Nxd4 Nf6 5. Nc3 e5 6. Ndb5 d6 7. Bg5 a6 8. Na3 b5 9. Bxf6 gxf6 10. Nd5 f5 11. Bd3 Be6 12. c3 Bxd5 13. exd5 Ne7 14. Nxb5 Bg7 15. Na3 0-0 16. Bc4 Ng6 17. h4 e4 18. h5 Ne5 19. h6 Bf6 20. Be2 Re8 21. Nc2 Qb6 22. Kf1 Qxb2 23. Rh3 Qb6 24. Rh5 f4 25. Rf5 Bh4 26. g3 fxg3 27. fxg3 1/2-1/2

[Event "Goodricke op 10th"]
[Site "Kolkata"]
[Date "1999.02.06"]
[Round "1"]
[White "Soham, Das"]
[Black "Prasenjit, Dutta"]
[Result "1/2-1/2"]
[WhiteElo "2055"]
[BlackElo "2220"]
[PlyCount "97"]
[EventDate "1999.02.06"]
[EventType "swiss"]
[EventRounds "11"]
[EventCountry "IND"]
[SourceTitle "CBM 069 Extra"]
[Source "ChessBase"]
[SourceDate "1999.05.10"]
[SourceVersion "1"]
[SourceVersionDate "1999.05.10"]
[SourceQuality "1"]

1. d4 Nf6 2. c4 g6 3. g3 Bg7 4. Bg2 0-0 5. Nf3 d5 6. cxd5 Nxd5 7. 0-0 Nc6 8. e3 Nb6 9. Bd2 e5 10. Nxe5 Nxe5 11. dxe5 Bxe5 12. Bc3 Qe7 13. Bxe5 Qxe5 14. Nc3 c6 15. Qf3 Nc4 16. Qe4 Qxe4 17. Nxe4 Nxb2 18. Rab1 Na4 19. Rb4 Nb6 20. Nc5 Rb8 21. Rfb1 Re8 22. Na4 Nd5 23. Bxd5 cxd5 24. Nc3 Be6 25. Rd4 Red8 26. Rbd1 Rbc8 27. Nxd5 Bxd5 28. Rxd5 Rxd5 29. Rxd5 Rc2 30. Rd7 Rxa2 31. Rxb7 a5 32. Ra7 a4 33. Kg2 a3 34. Kf3 Kg7 35. Ra6 Ra1 36. Kg2 a2 37. Kf3 f5 38. Kg2 Kf7 39. Kf3 Ke7 40. Kg2 Kd7 41. Ra7+ Kc6 42. Ra6+ Kd5 43. Ra8 Ke4 44. Re8+ Kd3 45. Rd8+ Ke2 46. Ra8 g5 47. h4 g4 48. Ra7 h5 49. Ra8 1/2-1/2